000 02082cam0 2200421 ib4500
001 BY-MI0013-br4503978
005 20260417092705.0
010 ^a978-5-9951-5966-7
035 ^a(BY-MI0013)BY-MI0013-br4503978
100 ^a20260416d2025 c y0rusy50 ca
101 0 ^arus
102 ^aRU
105 ^aa z 000oy
109 ^ama
181 ^ai3
181 ^ab1
182 ^an
200 1 ^aАленушкины сказки
^eдля младшего школьного возраста
^fД. Н. Мамин-Сибиряк
^gхудожник А. Сичкарь
203 ^aТекст
^cнепосредственное
210 ^aМосква
^cСтрекоза
^d2025
215 ^a61, [3] с.
^cил.
^d21 см
225 1 ^aСерия "Внеклассное чтение"
327 0 ^aСодержание: сказки: Сказка про храброго Зайца — длинные уши, косые глаза, короткий хвост ; Сказочка про козявочку ; Ванькины именины ; Сказочка про Воронушку — черную головушку и желтую канарейку ; Умнее всех ; Пора спать
333 ^a6+
345 ^92000 экз.
517 1 ^aСказочка про Воронушку — чёрную головушку и жёлтую канарейку
517 1 ^aАлёнушкины сказки
608 ^aЛИТЕРАТУРНАЯ СКАЗКА
^3BY-NLB-ar16440
^2BYGNR
608 ^aДЕТСКАЯ И ЮНОШЕСКАЯ ЛИТЕРАТУРА (художеств. произведение)
^3BY-NLB-ar9019
^2BYGNR
686 ^a84(2=411.2)5
^2rubbk
690 ^a1
^xRSEK
^2Base
^9BY-MI0013
700 1 ^aМамин-Сибиряк
^bД. Н.
^gДмитрий Наркисович
^cписатель
^f1852—1912
^3BY-NLB-ar93356
702 1 ^aСичкарь
^bА. Н.
^3BY-SEK-220468
^4040
801 0 ^aBY
^bBY-MI0013
^c20260416
^gRCR
899 0 ^aBY-MI0013
^iМ22
^h84(2=411.2)5